| 000 | 00666nam a2200205 a 4500 | ||
|---|---|---|---|
| 005 | 20140311163018.0 | ||
| 008 | 070629s19uu xx 00 eng d | ||
| 020 | _a0131863665 | ||
| 050 |
_aHF 5387 _b.H863 2005 |
||
| 100 | _aHuntsman, Jon M. | ||
| 245 |
_aWinners never cheat : _beveryday values we learned as children (but may have forgotten) / _cJon M. Huntsman |
||
| 260 |
_aNew Jersey : _bWharton School Publishing, _c2005. |
||
| 300 |
_a185 p. : _c19 cm. |
||
| 521 | _aBSBA | ||
| 650 | _aBusiness ethics. | ||
| 650 |
_aSuccess in business _xMoral and ethical aspects. |
||
| 650 |
_aExecutives _xConduct of life. |
||
| 942 |
_cBK _2lcc _kFOR |
||
| 999 |
_c39443 _d39443 |
||